[Event "GER-chT U20"]
[Site "Osnabrueck"]
[Date "2012.12.28"]
[Round "4.4"]
[White "Gharibyan, Harutyun"]
[Black "Diyap, Murat"]
[Result "1/2-1/2"]
[WhiteElo "2093"]
[BlackElo "1920"]
[PlyCount "64"]
[EventDate "2012.12.27"]
[EventType "team-swiss"]
[EventRounds "7"]
[EventCountry "GER"]
[SourceTitle "EXT 2014"]
[Source "ChessBase"]
[SourceDate "2013.11.20"]
[SourceVersion "1"]
[SourceVersionDate "2013.11.20"]
[SourceQuality "1"]
[WhiteTeam "Hamburger SK"]
[BlackTeam "Frankfurt 1860"]
[WhiteTeamCountry "GER"]
[BlackTeamCountry "GER"]

1. d4 d5 2. c4 e6 3. Nc3 c6 4. Nf3 Nf6 5. Bg5 h6 6. Bf4 dxc4 7. a4 Bb4 8. e3 b5 9. Be2 Nd5 10. Qc2 Nxf4 11. exf4 Bb7 12. 0-0 a6 13. f5 exf5 14. Qxf5 0-0 15. Rfd1 Nd7 16. d5 Bxc3 17. dxc6 Bxc6 18. bxc3 Qf6 19. Qxf6 Nxf6 20. Rd6 Be4 21. Nd4 Bd3 22. Bf3 Ne4 23. Bxe4 Bxe4 24. f3 Bd3 25. axb5 axb5 26. Rxa8 Rxa8 27. Nxb5 Ra2 28. Nd4 Ra3 29. Nb5 Rb3 30. Rd5 Rb2 31. Na3 Rb3 32. Nb5 Rb2 1/2-1/2

[Event "GER-chT U20"]
[Site "Osnabrueck"]
[Date "2012.12.28"]
[Round "3.4"]
[White "Kaulich, Philipp Theodor"]
[Black "Gharibyan, Harutyun"]
[Result "1-0"]
[WhiteElo "2085"]
[BlackElo "2093"]
[PlyCount "119"]
[EventDate "2012.12.27"]
[EventType "team-swiss"]
[EventRounds "7"]
[EventCountry "GER"]
[SourceTitle "EXT 2014"]
[Source "ChessBase"]
[SourceDate "2013.11.20"]
[SourceVersion "1"]
[SourceVersionDate "2013.11.20"]
[SourceQuality "1"]
[WhiteTeam "Bebenhausen"]
[BlackTeam "Hamburger SK"]
[WhiteTeamCountry "GER"]
[BlackTeamCountry "GER"]

1. c4 Nf6 2. Nc3 e5 3. g3 d5 4. cxd5 Nxd5 5. Bg2 Nb6 6. Nf3 Nc6 7. 0-0 Be7 8. d3 0-0 9. Be3 Be6 10. Qc1 f6 11. Rd1 Nd4 12. Bxd4 exd4 13. Ne4 Qd5 14. Nc5 Bxc5 15. Qxc5 Rfd8 16. Rdc1 c6 17. a4 Qd6 18. b4 Nc8 19. b5 Ne7 20. Nd2 Qxc5 21. Rxc5 Bd5 22. Bxd5+ Rxd5 23. Rxd5 Nxd5 24. bxc6 bxc6 25. Nb3 Nc3 26. Nxd4 c5 27. Nb3 Nxe2+ 28. Kf1 Nd4 29. Nxc5 Rc8 30. Rc1 Ne6 31. Nb3 Rxc1+ 32. Nxc1 Nd4 33. Ne2 Ne6 34. Nc3 Kf7 35. Ke2 Ke7 36. Ke3 a6 37. d4 Kd6 38. Kd3 f5 39. Na2 g5 40. Nb4 a5 41. Nc2 f4 42. Ke4 fxg3 43. fxg3 g4 44. Kf5 Kd5 45. Kxg4 Nxd4 46. Nxd4 Kxd4 47. Kf4 Kc4 48. g4 Kb4 49. g5 Kxa4 50. h4 Kb3 51. h5 a4 52. g6 hxg6 53. h6 a3 54. h7 Kb2 55. h8Q+ Kb1 56. Qh1+ Kb2 57. Qg2+ Kb1 58. Qf1+ Kb2 59. Qe2+ Kb1 60. Qe1+ 1-0

[Event "GER CupT"]
[Site "Germany"]
[Date "2010.02.21"]
[Round "2"]
[White "Gharibyan, Harutyun"]
[Black "Michna, Christian"]
[Result "1/2-1/2"]
[WhiteElo "2151"]
[BlackElo "2259"]
[PlyCount "78"]
[EventDate "2010.02.20"]
[EventType "team-tourn"]
[EventRounds "2"]
[EventCountry "GER"]
[SourceTitle "CBM 135 Extra"]
[Source "ChessBase"]
[SourceDate "2010.05.04"]
[SourceVersion "1"]
[SourceVersionDate "2010.05.04"]
[SourceQuality "1"]

1. Nf3 g6 2. e4 Bg7 3. d4 d6 4. h3 Nf6 5. Nc3 0-0 6. Bd3 a6 7. 0-0 b5 8. Be3 Bb7 9. a3 Nbd7 10. d5 c6 11. dxc6 Bxc6 12. Nd4 Bb7 13. f4 Rc8 14. Qf3 Rxc3 15. bxc3 Qa8 16. a4 Nxe4 17. Bxe4 Bxe4 18. Qe2 bxa4 19. Rxa4 Nc5 20. Ra3 Rb8 21. Nb3 Nxb3 22. Rxb3 Rxb3 23. cxb3 Bxc3 24. Rc1 Bf6 25. Rc7 Qd5 26. b4 Qb3 27. Qd2 Bd3 28. g4 Be4 29. g5 Bg7 30. Rxe7 Qb1+ 31. Kf2 Qh1 32. Re8+ Bf8 33. Rxf8+ Kxf8 34. Qxd6+ Ke8 35. Qe5+ Kd7 36. Qd4+ Ke8 37. Qe5+ Kd7 38. Qd4+ Ke8 39. Qe5+ Kd7 1/2-1/2

[Event "GER-chT U20"]
[Site "Chemnitz"]
[Date "2009.12.30"]
[Round "7.6"]
[White "Gharibyan, Harutyun"]
[Black "Olyschlaeger, Richard"]
[Result "1-0"]
[WhiteElo "2145"]
[BlackElo "1942"]
[PlyCount "35"]
[EventDate "2009.12.27"]
[EventType "team-swiss"]
[EventRounds "7"]
[EventCountry "GER"]
[SourceTitle "EXT 2022"]
[Source "ChessBase"]
[SourceDate "2021.10.06"]
[SourceVersion "1"]
[SourceVersionDate "2021.10.06"]
[SourceQuality "1"]
[WhiteTeam "Hamburger SK U20"]
[BlackTeam "Brackweda U20"]
[WhiteTeamCountry "GER"]
[BlackTeamCountry "GER"]

1. Nf3 g6 2. c4 d6 3. d4 Bg7 4. g3 e5 5. Nc3 Bg4 6. dxe5 Bxf3 7. exf3 dxe5 8. Qxd8+ Kxd8 9. Bg5+ f6 10. 0-0-0+ Ke8 11. Be3 c6 12. Ne4 b6 13. f4 f5 14. Ng5 Ke7 15. fxe5 Bxe5 16. Bg2 h6 17. Nf3 Bg7 18. Rhe1 1-0

[Event "GER-chT U20"]
[Site "Chemnitz"]
[Date "2009.12.27"]
[Round "1.6"]
[White "Gharibyan, Harutyun"]
[Black "Akram, Shumon"]
[Result "1/2-1/2"]
[WhiteElo "2145"]
[BlackElo "1732"]
[PlyCount "89"]
[EventDate "2009.12.27"]
[EventType "team-swiss"]
[EventRounds "7"]
[EventCountry "GER"]
[SourceTitle "EXT 2022"]
[Source "ChessBase"]
[SourceDate "2021.10.06"]
[SourceVersion "1"]
[SourceVersionDate "2021.10.06"]
[SourceQuality "1"]
[WhiteTeam "Hamburger SK U20"]
[BlackTeam "Hamburg Koenigsspringer U20"]
[WhiteTeamCountry "GER"]
[BlackTeamCountry "GER"]

1. Nf3 Nf6 2. c4 e6 3. Nc3 d5 4. d4 dxc4 5. e3 a6 6. a4 c5 7. Bxc4 Nc6 8. 0-0 cxd4 9. exd4 Nb4 10. Bg5 Be7 11. Qe2 Bd7 12. Ne5 0-0 13. Rfd1 Bc6 14. Nxc6 Nxc6 15. d5 exd5 16. Nxd5 Nxd5 17. Rxd5 Qc7 18. Bxe7 Nxe7 19. Rd2 Nc6 20. Rad1 Rad8 21. h3 Rfe8 22. Rxd8 Rxd8 23. Re1 g6 24. Ba2 Qd7 25. Qc4 Re8 26. Rc1 Re7 27. b4 Qd4 28. b5 Qxc4 29. Bxc4 axb5 30. Bxb5 Nd4 31. Rb1 Nxb5 32. Rxb5 f5 33. a5 Kf7 34. Rb6 Kg7 35. g4 fxg4 36. hxg4 Kg8 37. Kg2 Re5 38. Rxb7 Rxa5 39. Kg3 Rc5 40. Kf4 h5 41. gxh5 Rxh5 42. Kg4 Rf5 43. f4 Kf8 44. Ra7 Rh5 45. Rb7 1/2-1/2

[Event "Hamburg-ch int 12th"]
[Site "Hamburg"]
[Date "2009.06.01"]
[Round "3"]
[White "Hawranke, Dietrich"]
[Black "Gharibyan, Harutyun"]
[Result "0-1"]
[WhiteElo "2176"]
[BlackElo "2130"]
[PlyCount "90"]
[EventDate "2009.05.30"]
[EventType "swiss"]
[EventRounds "9"]
[EventCountry "GER"]
[SourceTitle "CBM 130 Extra"]
[Source "ChessBase"]
[SourceDate "2009.07.02"]
[SourceVersion "2"]
[SourceVersionDate "2009.07.15"]
[SourceQuality "1"]

1. d4 Nf6 2. Nf3 e6 3. c4 Bb4+ 4. Nbd2 b6 5. e3 Bb7 6. a3 Bxd2+ 7. Bxd2 a5 8. Bc3 Ne4 9. Bd3 Nxc3 10. bxc3 d6 11. 0-0 Nd7 12. e4 e5 13. Qe2 Qf6 14. Bc2 0-0 15. Ba4 Rfd8 16. Bxd7 Rxd7 17. d5 Rf8 18. Rab1 Bc8 19. h3 g6 20. Qd3 Re7 21. Kh2 Qf4+ 22. Kg1 f5 23. Rbe1 fxe4 24. Rxe4 Bf5 25. Rxf4 Bxd3 26. Rxf8+ Kxf8 27. Rd1 Be2 28. Rd2 Bxf3 29. gxf3 Rf7 30. Kg2 Rf4 31. c5 bxc5 32. Rb2 Ke7 33. Rb8 Ra4 34. Rh8 h5 35. Rh7+ Kd8 36. Rg7 Rxa3 37. Rxg6 Kc8 38. Rh6 Rxc3 39. Rxh5 a4 40. Rh4 c4 41. Rh8+ Kb7 42. h4 a3 43. h5 a2 44. h6 a1Q 45. h7 Rc1 0-1

[Event "GER-chT U20"]
[Site "Arendsee"]
[Date "2008.12.30"]
[Round "7.3"]
[White "Gharibyan, Harutyun"]
[Black "Kusnetsov, Mark"]
[Result "1-0"]
[WhiteElo "2069"]
[BlackElo "2022"]
[PlyCount "99"]
[EventDate "2008.12.27"]
[EventType "team-swiss"]
[EventRounds "7"]
[EventCountry "GER"]
[SourceTitle "CBM 128 Extra"]
[Source "ChessBase"]
[SourceDate "2009.03.05"]
[SourceVersion "2"]
[SourceVersionDate "2009.03.25"]
[SourceQuality "1"]
[WhiteTeam "Hamburger SK"]
[BlackTeam "Koeln Porz"]
[WhiteTeamCountry "GER"]
[BlackTeamCountry "GER"]

1. Nf3 Nf6 2. c4 e6 3. Nc3 Be7 4. g3 0-0 5. Bg2 d5 6. cxd5 exd5 7. d4 c6 8. 0-0 Nbd7 9. Rb1 a5 10. Bg5 Ne4 11. Bf4 Ndf6 12. Ne5 Bf5 13. Rc1 Nxc3 14. bxc3 Ba3 15. c4 Bxc1 16. Qxc1 dxc4 17. Rd1 c3 18. Qxc3 Nd5 19. Qf3 Nxf4 20. Qxf4 Be6 21. Rb1 Bd5 22. Bh3 Qc7 23. a4 f6 24. Nd7 Qxf4 25. gxf4 Rfe8 26. e3 b5 27. Nb6 Be4 28. Rb2 Rab8 29. Nd7 Rbd8 30. Nc5 b4 31. Be6+ Kh8 32. Nxe4 Rxe6 33. Nc5 Re7 34. Nb3 Rd5 35. Rc2 g5 36. fxg5 Rxg5+ 37. Kf1 Rc7 38. e4 f5 39. e5 f4 40. Ke2 Kg7 41. Kf3 h5 42. h4 Rg4 43. d5 Rxh4 44. d6 Rc8 45. d7 Rd8 46. Nc5 Rh3+ 47. Ke4 Rc3 48. Ne6+ Kg6 49. Nxd8 Rxc2 50. Nxc6 1-0

[Event "GER North-chT U16"]
[Site "Verden an der Aller"]
[Date "2008.09.13"]
[Round "4.2"]
[White "Gharibyan, Harutyun"]
[Black "Hoeger, Philipp"]
[Result "1-0"]
[WhiteElo "2065"]
[BlackElo "1751"]
[PlyCount "61"]
[EventDate "2008.09.12"]
[EventType "team-swiss"]
[EventRounds "6"]
[EventCountry "GER"]
[SourceTitle "EXT 2011"]
[Source "ChessBase"]
[SourceDate "2010.11.26"]
[SourceVersion "1"]
[SourceVersionDate "2010.11.26"]
[SourceQuality "1"]
[WhiteTeam "Hamburger SK"]
[BlackTeam "Kiel Meerbauer"]
[WhiteTeamCountry "GER"]
[BlackTeamCountry "GER"]

1. Nf3 Nf6 2. c4 g6 3. Nc3 Bg7 4. g3 0-0 5. Bg2 c5 6. d4 cxd4 7. Nxd4 Nc6 8. Nc2 d6 9. e4 Bd7 10. 0-0 a6 11. Ne3 Rc8 12. Bd2 Na5 13. b3 b5 14. cxb5 axb5 15. Rc1 Bc6 16. b4 Nc4 17. Nxc4 bxc4 18. b5 Bd7 19. a4 e5 20. Ne2 Qc7 21. Bb4 Ne8 22. Nc3 Be6 23. Nd5 Bxd5 24. Qxd5 Bf6 25. Bh3 Rb8 26. Rxc4 Qd8 27. Rfc1 Be7 28. Rc8 Rxc8 29. Rxc8 Qb6 30. a5 Qa7 31. b6 1-0

[Event "GER North-chT U16"]
[Site "Verden an der Aller"]
[Date "2008.09.13"]
[Round "3.2"]
[White "Schwarzat, Julian"]
[Black "Gharibyan, Harutyun"]
[Result "1-0"]
[WhiteElo "1942"]
[BlackElo "2065"]
[PlyCount "97"]
[EventDate "2008.09.12"]
[EventType "team-swiss"]
[EventRounds "6"]
[EventCountry "GER"]
[SourceTitle "EXT 2011"]
[Source "ChessBase"]
[SourceDate "2010.11.26"]
[SourceVersion "1"]
[SourceVersionDate "2010.11.26"]
[SourceQuality "1"]
[WhiteTeam "Segeberg SF"]
[BlackTeam "Hamburger SK"]
[WhiteTeamCountry "GER"]
[BlackTeamCountry "GER"]

1. e4 e5 2. Nf3 Nc6 3. d4 exd4 4. Nxd4 Nf6 5. Nxc6 bxc6 6. e5 Qe7 7. Qe2 Nd5 8. c4 Nb6 9. Nc3 Qe6 10. b3 Bb4 11. Bd2 0-0 12. 0-0-0 a5 13. a4 Re8 14. Re1 Ba6 15. f4 d5 16. exd6 Qd7 17. Qf3 Rxe1+ 18. Bxe1 cxd6 19. Bd3 d5 20. cxd5 Bxd3 21. Qxd3 cxd5 22. Nb5 Qe7 23. Bd2 Nd7 24. Kb1 Bxd2 25. Qxd2 Qe4+ 26. Kb2 Nc5 27. Rd1 Ne6 28. Qxd5 Qxd5 29. Rxd5 Nxf4 30. Rd2 Kf8 31. Na3 Ke7 32. g3 Ng6 33. Nc4 Ra6 34. Rd5 Re6 35. Kc3 Re2 36. Rd2 Re4 37. Kd3 Rg4 38. Nxa5 h5 39. Nc4 h4 40. gxh4 Rxh4 41. a5 Kd7 42. a6 Kc7 43. a7 Nf4+ 44. Kc3 Rh8 45. b4 f6 46. b5 Ne6 47. Kb4 Kb7 48. Rd7+ Ka8 49. Nb6# 1-0

[Event "Dresden ZMD op"]
[Site "Dresden"]
[Date "2008.07.24"]
[Round "6"]
[White "Gharibyan, Harutyun"]
[Black "Schoene, Maria"]
[Result "0-1"]
[WhiteElo "2049"]
[BlackElo "2186"]
[PlyCount "88"]
[EventDate "2008.07.19"]
[EventType "swiss"]
[EventRounds "9"]
[EventCountry "GER"]
[SourceTitle "CBM 125 Extra"]
[Source "ChessBase"]
[SourceDate "2008.09.01"]
[SourceVersion "1"]
[SourceVersionDate "2008.09.01"]
[SourceQuality "1"]

1. Nf3 d6 2. d4 g6 3. c4 Nf6 4. Nc3 Bg7 5. g3 0-0 6. Bg2 Nc6 7. 0-0 a6 8. Qd3 Bd7 9. d5 Na7 10. Nd4 Rb8 11. Bd2 c5 12. dxc6 Nxc6 13. Nxc6 Bxc6 14. b4 Nd7 15. e4 b5 16. cxb5 Bxb5 17. Nxb5 Bxa1 18. Nxd6 Bg7 19. Nc4 Nb6 20. Qxd8 Rfxd8 21. Nxb6 Rxd2 22. Nd5 Kf8 23. a4 e6 24. Nc7 Rxb4 25. Nxa6 Rxa4 26. Nc5 Raa2 27. Nb3 Rdc2 28. Nc1 Ra1 29. Nd3 Rd2 30. Rxa1 Bxa1 31. Bf1 Bd4 32. Kg2 f5 33. Kf3 fxe4+ 34. Kxe4 Bxf2 35. Nf4 Ke7 36. Nd3 Bb6 37. h4 Ra2 38. Bh3 Ra4+ 39. Kf3 Kd6 40. h5 gxh5 41. Nf4 Ra3+ 42. Kg2 e5 43. Nxh5 e4 44. Bf5 Ra2+ 0-1

[Event "GER-ch Net final U18"]
[Site "Playchess.com INT"]
[Date "2008.06.15"]
[Round "5"]
[White "Gharibyan, Harutyun"]
[Black "Laubert, Johannes"]
[Result "1-0"]
[WhiteElo "2027"]
[BlackElo "2031"]
[PlyCount "59"]
[EventDate "2008.06.15"]
[EventType "swiss (blitz)"]
[EventRounds "9"]
[EventCountry "GER"]
[SourceTitle "CBM 124 Extra"]
[Source "ChessBase"]
[SourceDate "2008.07.03"]
[SourceVersion "1"]
[SourceVersionDate "2008.07.03"]
[SourceQuality "1"]

1. Nf3 Nf6 2. c4 g6 3. Nc3 d5 4. cxd5 Nxd5 5. Qa4+ Bd7 6. Qb3 Bc6 7. d4 Bg7 8. e3 0-0 9. Be2 b6 10. 0-0 Bb7 11. Bc4 Nxc3 12. bxc3 Nd7 13. Bd5 Bxd5 14. Qxd5 e6 15. Qc6 Rc8 16. Ba3 Re8 17. c4 Nb8 18. Qb7 Nd7 19. Qc6 Nb8 20. Qb7 Nd7 21. c5 Rb8 22. Qc6 b5 23. Rab1 a6 24. Bc1 Ra8 25. Bd2 e5 26. Ba5 Ra7 27. dxe5 Nxe5 28. Nxe5 Bxe5 29. Rfd1 Qf6 30. Qxe8+ 1-0

[Event "GER-ch Net final U18"]
[Site "Playchess.com INT"]
[Date "2008.06.15"]
[Round "7"]
[White "Zhou, Syang"]
[Black "Gharibyan, Harutyun"]
[Result "0-1"]
[WhiteElo "1981"]
[BlackElo "2027"]
[PlyCount "63"]
[EventDate "2008.06.15"]
[EventType "swiss (blitz)"]
[EventRounds "9"]
[EventCountry "GER"]
[SourceTitle "CBM 124 Extra"]
[Source "ChessBase"]
[SourceDate "2008.07.03"]
[SourceVersion "1"]
[SourceVersionDate "2008.07.03"]
[SourceQuality "1"]

1. e4 e5 2. Nf3 Nc6 3. Bb5 a6 4. Ba4 Nf6 5. 0-0 b5 6. Bb3 Bc5 7. Nxe5 Nxe5 8. d4 Bxd4 9. Qxd4 d6 10. f4 Nc6 11. Qd3 0-0 12. Nc3 Nb4 13. Qd1 c5 14. a4 Bb7 15. axb5 axb5 16. Rxa8 Bxa8 17. e5 Ne8 18. exd6 Nxd6 19. Nd5 Nc6 20. c3 c4 21. Bc2 Ne7 22. Nxe7+ Qxe7 23. Re1 Qf6 24. Be3 Nf5 25. Bf2 Qg6 26. Be4 Bxe4 27. Rxe4 Nh4 28. Qf1 Nf3+ 29. Kh1 Nd2 30. f5 Qxf5 31. Bg1 Qxf1 32. Re1 0-1

[Event "GER-ch Net qual2 U18"]
[Site "Playchess.com INT"]
[Date "2008.06.04"]
[Round "4"]
[White "Gharibyan, Harutyun"]
[Black "Schnoor, Ekkehard"]
[Result "1-0"]
[WhiteElo "2027"]
[BlackElo "1997"]
[PlyCount "59"]
[EventDate "2008.06.04"]
[EventType "swiss (blitz)"]
[EventRounds "7"]
[EventCountry "GER"]
[SourceTitle "CBM 124 Extra"]
[Source "ChessBase"]
[SourceDate "2008.07.03"]
[SourceVersion "1"]
[SourceVersionDate "2008.07.03"]
[SourceQuality "1"]

1. Nf3 Nf6 2. c4 e6 3. Nc3 c5 4. d4 cxd4 5. Nxd4 b6 6. Ndb5 d6 7. Bf4 e5 8. Bg5 a6 9. Bxf6 gxf6 10. Na3 Bb7 11. e4 Bg7 12. Be2 0-0 13. 0-0 f5 14. exf5 Qg5 15. Bf3 Nc6 16. Ne4 Qh6 17. Qxd6 Nd4 18. Qxh6 Bxh6 19. Nf6+ Kg7 20. Nh5+ Kh8 21. Bxb7 Ra7 22. Be4 f6 23. Nc2 Ne2+ 24. Kh1 Rd8 25. Rad1 Rad7 26. Rxd7 Rxd7 27. Nxf6 Rd2 28. Ng4 Bf8 29. Nxe5 Bg7 30. Nf3 1-0

[Event "GER-ch Net qual1 U18"]
[Site "Playchess.com INT"]
[Date "2008.06.01"]
[Round "5"]
[White "Gharibyan, Harutyun"]
[Black "Schnoor, Ekkehard"]
[Result "0-1"]
[WhiteElo "2027"]
[BlackElo "1997"]
[PlyCount "70"]
[EventDate "2008.06.01"]
[EventType "swiss (blitz)"]
[EventRounds "7"]
[EventCountry "GER"]
[SourceTitle "CBM 124 Extra"]
[Source "ChessBase"]
[SourceDate "2008.07.03"]
[SourceVersion "1"]
[SourceVersionDate "2008.07.03"]
[SourceQuality "1"]

1. Nf3 Nf6 2. c4 e6 3. Nc3 c5 4. g3 b6 5. Bg2 Bb7 6. 0-0 Be7 7. Re1 0-0 8. e4 d6 9. d4 cxd4 10. Nxd4 a6 11. b3 Nbd7 12. Bb2 Qc7 13. Qd2 Rac8 14. Rad1 Rfe8 15. h3 Qb8 16. g4 Ne5 17. f4 Nc6 18. Nde2 Qa8 19. Ng3 Red8 20. Qf2 d5 21. Qxb6 Nd7 22. Qxd8+ Rxd8 23. cxd5 exd5 24. Nxd5 Bc5+ 25. Kh2 Nb6 26. Nf5 Nxd5 27. exd5 Nb4 28. Bxg7 Bxd5 29. Bxd5 Rxd5 30. Rxd5 Nxd5 31. Be5 f6 32. Nh6+ Kg7 33. Nf5+ Kf8 34. Bb2 Nxf4 35. Bxf6 Qg2# 0-1

[Event "GER-ch Net qual1 U18"]
[Site "Playchess.com INT"]
[Date "2008.06.01"]
[Round "2"]
[White "Poetsch, Hagen"]
[Black "Gharibyan, Harutyun"]
[Result "1-0"]
[WhiteElo "2267"]
[BlackElo "2027"]
[PlyCount "85"]
[EventDate "2008.06.01"]
[EventType "swiss (blitz)"]
[EventRounds "7"]
[EventCountry "GER"]
[SourceTitle "CBM 124 Extra"]
[Source "ChessBase"]
[SourceDate "2008.07.03"]
[SourceVersion "1"]
[SourceVersionDate "2008.07.03"]
[SourceQuality "1"]

1. e4 e5 2. Nf3 Nc6 3. Bc4 Nf6 4. Ng5 d5 5. exd5 Na5 6. Bb5+ c6 7. dxc6 bxc6 8. Qf3 Rb8 9. Bd3 h6 10. Ne4 Nd5 11. b3 Be7 12. Bb2 Qc7 13. Qg3 Bf6 14. Ba3 Nb4 15. c3 Nxd3+ 16. Qxd3 Be7 17. Bxe7 Qxe7 18. Nd6+ Kf8 19. Nxc8 Rxc8 20. Qa6 Nb7 21. Qxa7 g5 22. Qa3 f5 23. Qxe7+ Kxe7 24. Na3 Rhd8 25. Nc4 Kf6 26. Ke2 e4 27. f3 Nc5 28. b4 Nd3 29. fxe4 fxe4 30. Rhf1+ Kg6 31. g3 Rc7 32. a4 Rcd7 33. a5 Rd5 34. a6 Nb2 35. Nxb2 Rxd2+ 36. Ke3 Rxb2 37. Rfd1 Rf8 38. Rd6+ Kh5 39. a7 Rf3+ 40. Kxe4 Rxc3 41. a8Q Re2+ 42. Kd4 Rcc2 43. Rd1 1-0

[Event "Hamburg-ch int 11th"]
[Site "Hamburg"]
[Date "2008.05.14"]
[Round "5"]
[White "Beikert, Guenther"]
[Black "Gharibyan, Harutyun"]
[Result "1-0"]
[WhiteElo "2449"]
[BlackElo "2043"]
[PlyCount "89"]
[EventDate "2008.05.10"]
[EventType "swiss"]
[EventRounds "9"]
[EventCountry "GER"]
[SourceTitle "CBM 124 Extra"]
[Source "ChessBase"]
[SourceDate "2008.07.03"]
[SourceVersion "1"]
[SourceVersionDate "2008.07.03"]
[SourceQuality "1"]

1. e4 e5 2. Nf3 Nc6 3. Bb5 a6 4. Bxc6 dxc6 5. d4 exd4 6. Qxd4 Qxd4 7. Nxd4 c5 8. Ne2 Bd7 9. Nbc3 Ne7 10. Be3 b6 11. 0-0-0 0-0-0 12. Rd2 Bc6 13. Rxd8+ Kxd8 14. Nf4 Kc8 15. Rd1 g6 16. Nfd5 Nxd5 17. Nxd5 Bxd5 18. Rxd5 Be7 19. f3 Rd8 20. Rxd8+ Kxd8 21. c4 Kd7 22. Kc2 Ke6 23. Kd3 Bd6 24. h3 h5 25. f4 f6 26. Bd2 a5 27. b3 Be7 28. Bc3 Bd6 29. Ke3 Be7 30. Kf3 g5 31. Bd2 Bd8 32. e5 gxf4 33. exf6 Kxf6 34. Kxf4 c6 35. a4 Ke6 36. Ke4 Bf6 37. Bf4 b5 38. cxb5 cxb5 39. axb5 c4 40. bxc4 a4 41. Bc1 Be7 42. b6 a3 43. b7 a2 44. Bb2 Bd6 45. g4 1-0

[Event "GER-chT U16"]
[Site "Uelzen"]
[Date "2007.12.27"]
[Round "1.1"]
[White "Gharibyan, Harutyun"]
[Black "Wendling, Hannes"]
[Result "1/2-1/2"]
[WhiteElo "2031"]
[BlackElo "2146"]
[PlyCount "84"]
[EventDate "2007.12.27"]
[EventType "team-swiss"]
[EventRounds "7"]
[EventCountry "GER"]
[SourceTitle "EXT 2022"]
[Source "ChessBase"]
[SourceDate "2021.10.06"]
[SourceVersion "1"]
[SourceVersionDate "2021.10.06"]
[SourceQuality "1"]
[WhiteTeam "Hamburger SK U16"]
[BlackTeam "Erfurt Empor U16"]
[WhiteTeamCountry "GER"]
[BlackTeamCountry "GER"]

1. e4 c5 2. Nf3 d6 3. d4 cxd4 4. Nxd4 Nf6 5. Nc3 a6 6. Bg5 e6 7. f4 Qb6 8. Nb3 Nc6 9. Qf3 Be7 10. Bd3 Bd7 11. Bh4 Qc7 12. Bf2 b5 13. a3 0-0 14. 0-0 Rad8 15. Rae1 Bc8 16. Nd4 Nxd4 17. Bxd4 e5 18. Be3 Bb7 19. f5 d5 20. Nxd5 Nxd5 21. exd5 Bxd5 22. Qf2 Rc8 23. Bb6 Qc6 24. Rxe5 Bf6 25. Re2 Bxb2 26. Bd4 Bxd4 27. Qxd4 Rfd8 28. Qb4 Bc4 29. Bxc4 Qxc4 30. Rfe1 Qxb4 31. axb4 Kf8 32. Ra1 Rd6 33. Rae1 g6 34. fxg6 hxg6 35. Rf1 Rc7 36. Rf3 Rc4 37. c3 Rd1+ 38. Kf2 Rc1 39. Ree3 Rc2+ 40. Kg1 Rc1+ 41. Kf2 Rc2+ 42. Kg1 Rc1+ 1/2-1/2